<?xml version="1.0" encoding="UTF-8"?>
<record
    xmlns:xsi="http://www.w3.org/2001/XMLSchema-instance"
    xsi:schemaLocation="http://www.loc.gov/MARC21/slim http://www.loc.gov/standards/marcxml/schema/MARC21slim.xsd"
    xmlns="http://www.loc.gov/MARC21/slim">

  <leader>01913nam a2200289 a 4500</leader>
  <controlfield tag="001">000027307</controlfield>
  <controlfield tag="003">DO-SdBNP</controlfield>
  <controlfield tag="005">20250129073605.0</controlfield>
  <controlfield tag="008">110331t1995    dr ac         001 0bspa d</controlfield>
  <datafield tag="040" ind1=" " ind2=" ">
    <subfield code="a">DO-SdBNP</subfield>
    <subfield code="b">spa</subfield>
    <subfield code="c">BNPHU</subfield>
  </datafield>
  <datafield tag="049" ind1=" " ind2=" ">
    <subfield code="a">BNPD</subfield>
  </datafield>
  <datafield tag="082" ind1=" " ind2="4">
    <subfield code="a">923.27293</subfield>
    <subfield code="b">P418b</subfield>
    <subfield code="2">21</subfield>
  </datafield>
  <datafield tag="100" ind1="1" ind2=" ">
    <subfield code="a">Balc&#xE1;cer, Juan Daniel,</subfield>
    <subfield code="d">1949-</subfield>
    <subfield code="9">6566</subfield>
  </datafield>
  <datafield tag="245" ind1="1" ind2="0">
    <subfield code="a">Pensamiento y acci&#xF3;n de los Padres de la Patria /</subfield>
    <subfield code="c">Juan Daniel Balc&#xE1;cer.</subfield>
  </datafield>
  <datafield tag="260" ind1=" " ind2=" ">
    <subfield code="a">Santo Domingo :</subfield>
    <subfield code="b">Taller,</subfield>
    <subfield code="c">1995.</subfield>
  </datafield>
  <datafield tag="300" ind1=" " ind2=" ">
    <subfield code="a">111 p. :</subfield>
    <subfield code="b">il. ;</subfield>
    <subfield code="c">22 cm.</subfield>
  </datafield>
  <datafield tag="500" ind1=" " ind2=" ">
    <subfield code="a">Incluye bibliograf&#xED;a y notas al pie de p&#xE1;ginas y al final de cap&#xED;tulos.</subfield>
  </datafield>
  <datafield tag="505" ind1="0" ind2=" ">
    <subfield code="g">Presentaci&#xF3;n .</subfield>
    <subfield code="g">Juan Pablo Duarte : su pensamiento pol&#xED;tico :</subfield>
    <subfield code="t">Para conocer a Duarte --</subfield>
    <subfield code="t">Duarte y el Santo Domingo de su &#xE9;poca --</subfield>
    <subfield code="t">Los fueros de Barcelona --</subfield>
    <subfield code="t">El nacionalista --</subfield>
    <subfield code="t">Contra el intervencionismo --</subfield>
    <subfield code="t">El escritor.</subfield>
  </datafield>
  <datafield tag="505" ind1="0" ind2=" ">
    <subfield code="g">Ram&#xF3;n Mat&#xED;as Mella: el pr&#xF3;cer de La Misericordia :</subfield>
    <subfield code="t">Familia de pr&#xF3;ceres --</subfield>
    <subfield code="t">Los primeros a&#xF1;os --</subfield>
    <subfield code="t">Durante la dominaci&#xF3;n haitiana --</subfield>
    <subfield code="t">Actividades revolucionarias --</subfield>
    <subfield code="t">El trabucazo heroico --</subfield>
    <subfield code="t">Servicio a la patria --</subfield>
    <subfield code="t">Misi&#xF3;n diplom&#xE1;tica --</subfield>
    <subfield code="t">Trayectoria militar --</subfield>
    <subfield code="t">Intrepidez y audacia --</subfield>
    <subfield code="t">En la cima del patriotismo.</subfield>
  </datafield>
  <datafield tag="505" ind1="0" ind2=" ">
    <subfield code="g">Francisco del Rosario S&#xE1;nchez : el m&#xE1;rtir de El Cercado :</subfield>
    <subfield code="t">Nacionalista pragm&#xE1;tico --</subfield>
    <subfield code="t">Los primeros a&#xF1;os --</subfield>
    <subfield code="t">En los afanes revolucionarios --</subfield>
    <subfield code="t">Proclamaci&#xF3;n de la Rep&#xFA;blica --</subfield>
    <subfield code="t">S&#xE1;nchez y Santana --</subfield>
    <subfield code="t">S&#xE1;nchez y B&#xE1;ez --</subfield>
    <subfield code="t">Al margen de la pol&#xED;tica --</subfield>
    <subfield code="t">S&#xE1;nchez y la anexi&#xF3;n --</subfield>
    <subfield code="t">S&#xE1;nchez y Duarte --</subfield>
    <subfield code="t">Redentor y m&#xE1;rtir --</subfield>
    <subfield code="g">Ap&#xE9;ndice: Breve historia de la bandera.</subfield>
  </datafield>
  <datafield tag="600" ind1="1" ind2="0">
    <subfield code="a">Duarte, Juan Pablo,   </subfield>
    <subfield code="d">1813-1876</subfield>
    <subfield code="9">1494</subfield>
  </datafield>
  <datafield tag="600" ind1="1" ind2="0">
    <subfield code="a">S&#xE1;nchez, Francisco del Rosario,</subfield>
    <subfield code="d">1817-1861</subfield>
    <subfield code="9">81140</subfield>
  </datafield>
  <datafield tag="600" ind1="1" ind2="4">
    <subfield code="a">Mella, Mat&#xED;as Ram&#xF3;n </subfield>
    <subfield code="d">1816-1864</subfield>
    <subfield code="x">Pensamiento pol&#xED;tco</subfield>
    <subfield code="9">54383</subfield>
  </datafield>
  <datafield tag="651" ind1=" " ind2="0">
    <subfield code="a">Rep&#xFA;blica Dominicana --</subfield>
    <subfield code="x">Historia --</subfield>
    <subfield code="y">1844-1930</subfield>
    <subfield code="9">1009</subfield>
  </datafield>
  <datafield tag="910" ind1=" " ind2=" ">
    <subfield code="a">Validado. Control de calidad EMS.</subfield>
  </datafield>
  <datafield tag="942" ind1=" " ind2=" ">
    <subfield code="2">ddc</subfield>
    <subfield code="c">LBS1</subfield>
  </datafield>
  <datafield tag="952" ind1=" " ind2=" ">
    <subfield code="0">0</subfield>
    <subfield code="1">0</subfield>
    <subfield code="2">ddc</subfield>
    <subfield code="7">0</subfield>
    <subfield code="8">DS</subfield>
    <subfield code="a">BNPHU</subfield>
    <subfield code="b">BNPHU</subfield>
    <subfield code="c">HD</subfield>
    <subfield code="d">2011-03-31</subfield>
    <subfield code="o">BNPHU DS 923.27293 P418b</subfield>
    <subfield code="p">27307-30</subfield>
    <subfield code="r">2020-06-25</subfield>
    <subfield code="t">e. 3</subfield>
    <subfield code="w">2020-06-25</subfield>
    <subfield code="y">LFDS</subfield>
  </datafield>
  <datafield tag="952" ind1=" " ind2=" ">
    <subfield code="0">0</subfield>
    <subfield code="1">0</subfield>
    <subfield code="2">ddc</subfield>
    <subfield code="7">0</subfield>
    <subfield code="8">DS</subfield>
    <subfield code="a">BNPHU</subfield>
    <subfield code="b">BNPHU</subfield>
    <subfield code="c">HD</subfield>
    <subfield code="d">2013-03-06</subfield>
    <subfield code="o">BNPHU DS 923.27293 P418b</subfield>
    <subfield code="p">27307-40</subfield>
    <subfield code="r">2020-06-25</subfield>
    <subfield code="t">e. 4</subfield>
    <subfield code="w">2020-06-25</subfield>
    <subfield code="y">LFDS</subfield>
  </datafield>
  <datafield tag="952" ind1=" " ind2=" ">
    <subfield code="0">0</subfield>
    <subfield code="1">0</subfield>
    <subfield code="2">ddc</subfield>
    <subfield code="7">0</subfield>
    <subfield code="8">DS</subfield>
    <subfield code="a">BNPHU</subfield>
    <subfield code="b">BNPHU</subfield>
    <subfield code="c">HD</subfield>
    <subfield code="d">2013-03-18</subfield>
    <subfield code="o">BNPHU DS 923.27293 P418b</subfield>
    <subfield code="p">27307-50</subfield>
    <subfield code="r">2020-06-25</subfield>
    <subfield code="t">e. 5</subfield>
    <subfield code="w">2020-06-25</subfield>
    <subfield code="y">LFDS</subfield>
  </datafield>
  <datafield tag="952" ind1=" " ind2=" ">
    <subfield code="0">0</subfield>
    <subfield code="1">0</subfield>
    <subfield code="2">ddc</subfield>
    <subfield code="7">1</subfield>
    <subfield code="8">PD</subfield>
    <subfield code="a">BNPHU</subfield>
    <subfield code="b">BNPHU</subfield>
    <subfield code="c">HD</subfield>
    <subfield code="d">2011-03-31</subfield>
    <subfield code="o">BNPHU PD 923.27293 P418b</subfield>
    <subfield code="p">27307-10</subfield>
    <subfield code="r">2020-06-25</subfield>
    <subfield code="w">2020-06-25</subfield>
    <subfield code="y">LFPD</subfield>
  </datafield>
  <datafield tag="952" ind1=" " ind2=" ">
    <subfield code="0">0</subfield>
    <subfield code="1">0</subfield>
    <subfield code="2">ddc</subfield>
    <subfield code="7">1</subfield>
    <subfield code="8">PD</subfield>
    <subfield code="a">BNPHU</subfield>
    <subfield code="b">BNPHU</subfield>
    <subfield code="c">HD</subfield>
    <subfield code="d">2011-03-31</subfield>
    <subfield code="o">BNPHU PD 923.27293 P418b</subfield>
    <subfield code="p">27307-20</subfield>
    <subfield code="r">2020-06-25</subfield>
    <subfield code="t">e. 2</subfield>
    <subfield code="w">2020-06-25</subfield>
    <subfield code="y">LFPD</subfield>
  </datafield>
  <datafield tag="999" ind1=" " ind2=" ">
    <subfield code="c">26799</subfield>
    <subfield code="d">26799</subfield>
  </datafield>
</record>
